| Tag |
First Indicator |
Second Indicator |
Subfields |
| LEADER |
00000cam a22000007a 4500 |
| 001 |
in00005771702 |
| 005 |
20260327174331.8 |
| 006 |
m o d |
| 007 |
cr |n||||||||| |
| 008 |
230320s2022 xx o 000 0 eng d |
| 040 |
|
|
|a YDX
|b eng
|c YDX
|d OPELS
|d OCLCF
|d OCLCO
|d OCLCL
|
| 020 |
|
|
|a 9780323983464
|q (electronic bk.)
|
| 020 |
|
|
|a 0323983464
|q (electronic bk.)
|
| 020 |
|
|
|z 9780323917315
|
| 020 |
|
|
|z 0323917313
|
| 035 |
|
|
|a (OCoLC)1373233678
|
| 050 |
|
4 |
|a QD474
|
| 082 |
0 |
4 |
|a 546.3
|2 23/eng/20230328
|
| 049 |
|
|
|a TXAM
|
| 100 |
1 |
|
|a Heravi, Majid M.
|
| 245 |
1 |
0 |
|a Polyoxometalate-based hybrids and their applications /
|c Majid M. Heravi, Masoud Mirzaei.
|
| 260 |
|
|
|a [S.l.] :
|b Elsevier,
|c 2022.
|
| 300 |
|
|
|a 1 online resource
|
| 336 |
|
|
|a text
|b txt
|2 rdacontent
|
| 337 |
|
|
|a computer
|b c
|2 rdamedia
|
| 338 |
|
|
|a online resource
|b cr
|2 rdacarrier
|
| 588 |
0 |
|
|a Print version record.
|
| 650 |
|
0 |
|a Polyoxometalates.
|
| 650 |
|
0 |
|a Composite materials.
|
| 650 |
|
6 |
|a Polyoxométallates.
|
| 650 |
|
6 |
|a Composites.
|
| 650 |
|
7 |
|a composite material.
|2 aat
|
| 650 |
|
7 |
|a Composite materials
|2 fast
|
| 650 |
|
7 |
|a Polyoxometalates
|2 fast
|
| 655 |
|
7 |
|a Electronic books.
|2 local
|
| 700 |
1 |
|
|a Mirzaei, Masoud.
|
| 710 |
2 |
|
|a ScienceDirect (Online service)
|
| 776 |
0 |
8 |
|c Original
|z 0323917313
|z 9780323917315
|w (OCoLC)1273075819
|
| 776 |
0 |
8 |
|i Print version:
|a Heravi, Majid M., author.
|t Polyoxometalate-based hybrids and their applications
|z 9780323917315
|w (OCoLC)1363817350
|
| 856 |
4 |
0 |
|u http://proxy.library.tamu.edu/login?url=https://www.sciencedirect.com/science/book/9780323917315
|z Connect to the full text of this electronic book
|t 0
|
| 955 |
|
|
|a Elsevier ScienceDirect 2026-2027
|
| 994 |
|
|
|a 92
|b TXA
|
| 999 |
f |
f |
|i 47e93f44-053d-437a-8183-fec8cf46f419
|s 9f4b199a-30f5-4b36-bfbd-e3b8deb6461e
|t 0
|
| 952 |
f |
f |
|a Texas A&M University
|b College Station
|c Electronic Resources
|s www_evans
|d Available Online
|t 0
|e QD474
|h Library of Congress classification
|
| 998 |
f |
f |
|a QD474
|t 0
|l Available Online
|